Datum a čas kvízu
31
Celkem bodů
Celkový počet nahraných bodů na tomto kvízu bez doplňovacích otázek.
2.
Pořadí na kvízu
Konečné umístění týmu na tomto kvízu.
Zaznamenané odpovědi
| # | Otázka | Odpověď | Body | Výsledky |
|---|---|---|---|---|
| 1. | Komunisté si zvolili o víkendu... | Kateřina Konečná | 0 | |
| 2. | Evropský parlament minulý týde... | Alexej Navalnyj | 1 | |
| 3. | Kanye Omari West je znám jako... | Ye | 0 | |
| 4. | Firma Apple opět vzbudila pozo... | čisticí hadřík | 1 | |
| 5. | Vyprodáno. Podle očekávání sle... | Seattle Kraken | 0 | |
| 6. | Toto téma začneme manželkami k... | 1D 2B 3C 4A | 1 | |
| 7. | Přesuneme se ke Králi popu. Ja... | The Jackson 5 | 1 | |
| 8. | Jak se nazývá klub, za který h... | West Ham United FC | 0 | |
| 9. | Mnoho deskových her využívá kr... | Shogi | 1 | |
| 10. | V roce 2021 streamovací platfo... | Král Šamanů (Shaman King) | 0 |